| 000 | 00933cam a2200253 4500 | ||
|---|---|---|---|
| 001 | ABS65283 | ||
| 008 | 020405n2002 000 0 eng u | ||
| 035 | _a(Sirsi) u117375 | ||
| 100 | _aCarpenter, A. | ||
| 245 | _aGoing their own way | ||
| 260 | _c2002 | ||
| 490 |
_aEstates Gazette _v(0210) 9 March 2002, 51-53(3) |
||
| 520 | _aSeveral outsourcing contracts are underway in the UK, but outsourcing has failed to take off in Europe. The main reservation for major European companies is that they are loath to hand over total control of their estates in the style of UK contracts. Article also examines the BBC's outsourcing deal with Land Securities Trillium. | ||
| 590 | _aABS | ||
| 650 | _aOUTSOURCING | ||
| 650 | _aEUROPE | ||
| 650 | _aLEASES | ||
| 650 | _aPROPERTY PORTFOLIOS | ||
| 650 | _aUNITED KINGDOM | ||
| 650 | _aOCCUPIERS | ||
| 650 | _aFLEXIBILITY | ||
| 690 |
_aPROPERTY MANAGEMENT _96262 |
||
| 942 | _n0 | ||
| 999 |
_c69928 _d69928 |
||